Random Logos - Statistics

General Stats
  • This quiz has been taken 66 times
    55 since last reset
  • The average score is 32 of 38
Answer Stats
Picture Answer % Correct
Pepsi
100%
Apple
98%
KFC
98%
Starbucks
98%
McDonald's
96%
Nike
96%
Taco Bell
96%
Youtube
96%
Google
94%
Shell
94%
Tiktok
94%
Domino's
92%
Instagram
92%
Pringles
92%
Spotify
92%
Jetpunk
90%
Microsoft
90%
Red Bull
90%
Target
90%
Facebook
88%
Playstation
88%
Xbox
88%
Netflix
86%
Wendy's
86%
Gucci
84%
Olympic
84%
Puma
84%
Toyota
84%
Louis Vuitton
82%
Jordan
80%
Drive
78%
Chick Fil A
76%
Duolingo
73%
Chanel
67%
Crocs
63%
Twiter
61%
WWF
49%
Premier League
41%
No matching quizzes found
Score Distribution
Percent of People with Each Score
Percentile by Number Answered
Your Score History
You have not taken this quiz since the last reset